| 000 | 01127pam a2200313 a 4500 | ||
|---|---|---|---|
| 001 | 2089889 | ||
| 003 | ARRUPE | ||
| 005 | 20211004115252.0 | ||
| 008 | 951102s1996 enk b 001 0 eng | ||
| 010 | _a 95049209 | ||
| 020 | _a0198751656 | ||
| 020 | _a0198751648 | ||
| 040 |
_aDLC _cDLC _dDLC |
||
| 050 | 0 | 0 |
_aQ175 _b.P3375 1996 |
| 082 | 0 | 0 |
_a501 _220 |
| 245 | 0 | 4 |
_aThe philosophy of science / _cedited by David Papineau. |
| 260 |
_aOxford ; _aNew York : _bOxford University Press, _c1996. |
||
| 300 |
_avi, 339 p. ; _c21 cm. |
||
| 440 | 0 |
_aOxford readings in philosophy _913542 |
|
| 500 | _a"Annotated bibliography": p. [329]-336. | ||
| 504 | _aIncludes bibliographical references and index. | ||
| 650 | 0 |
_aScience _xPhilosophy. |
|
| 650 | 0 |
_aRealism. _911315 |
|
| 700 | 1 |
_aPapineau, David, _d1947- _950241 |
|
| 856 | 4 | 2 |
_3Publisher description _uhttp://www.loc.gov/catdir/enhancements/fy0605/95049209-d.html |
| 906 |
_a7 _bcbc _corignew _d1 _eocip _f19 _gy-gencatlg |
||
| 942 |
_2lcc _cMONOGRAPH |
||
| 999 |
_c130659 _d130659 |
||